[Event "ISR-chT"]
[Site "Ramat Aviv"]
[Date "2000.03.24"]
[Round "7.3"]
[White "Rotman, Daniel"]
[Black "Greenfeld, Alon"]
[Result "1/2-1/2"]
[WhiteElo "2352"]
[BlackElo "2563"]
[Annotator "Gershon,A"]
[PlyCount "81"]
[EventDate "2000.01.14"]
[EventType "team"]
[EventRounds "11"]
[EventCountry "ISR"]
[SourceTitle "CBM 077"]
[Source "ChessBase"]
[SourceDate "2000.07.27"]
[SourceVersion "1"]
[SourceVersionDate "2000.07.27"]
[SourceQuality "1"]
[WhiteTeam "Jerusalem Elitzur"]
[BlackTeam "Beer Sheva"]
[WhiteTeamCountry "ISR"]
[BlackTeamCountry "ISR"]

{[%mdl 32768]} 1. e4 c5 2. Nf3 Nc6 3. d4 cxd4 4. Nxd4 Nf6 5. Nc3 d6 6. Be2 e5
7. Nf3 h6 8. O-O Be7 9. Re1 O-O 10. h3 a6 11. Bf1 Qc7 (11... Be6 {with a
complicated game.}) 12. Nh2 (12. b3 b6 (12... b5 13. Bb2 Bb7 14. Qd2 Rac8 15.
Nd5 Nxd5 16. exd5 Nb8 17. Rac1 Nd7 18. c4 bxc4 19. Bxc4 $6 {[%csl Rd5]} Qd8 20.
Bc3 Nf6 21. Nh2 Nh5 22. Nf3 Qd7 23. Bb4 Rfe8 24. Bf1 Rxc1 25. Qxc1 Nf4 $17 {
0-1 Bojkovic,N-Kovalevskaya,E/Vrnjacka Banja 1999/EXT 2000 (55)}) 13. Bb2 Bb7
14. Qd2 Rad8 15. Nd5 Nxd5 16. exd5 Nb8 17. c4 a5 18. a3 Nd7 19. b4 Rfe8 20. Bd3
Nf6 21. Qc2 Rc8 22. Nd2 Nxd5 $1 23. Bh7+ Kh8 24. Bf5 Nf4 25. Bxc8 Qxc8 $17 {
[%csl Rg2,Rh3] 0-1 Mikheev,S-Sherbakov,R/Smolensk RUS 2000/The Week in Chess
286 (37)}) (12. Nd5 Nxd5 13. exd5 Nb8 14. c4 a5 15. b3 Na6 16. a3 Nc5 17. Be3
Bf5 18. Ra2 Bg6 19. Rb2 Bf6 20. b4 axb4 21. axb4 e4 22. Nd4 Nd3 23. Bxd3 exd3
24. Qb3 Rfc8 25. Rc1 Qd7 26. c5 Be4 27. f3 $2 (27. Rd2 $142) 27... dxc5 $1 28.
bxc5 Qxd5 29. Qxd5 (29. fxe4 Qxe4 $19) 29... Bxd5 $19 {1/2-1/2 Bar,R-Botvinnik,
I/Rishon Le Ziyyon 1997/CBM 62 ext (62)}) 12... Bd8 {Black's idea is to play
Ba5 exchanging white's  'c3' N thus reducing the pressure off the 'd5' square.}
(12... b5 13. Ng4 Bxg4 14. hxg4 b4 15. Nd5 Nxd5 16. exd5 Nd4 17. Bd3 Qc5 18.
Be3 Bf6 19. Rc1 Qa5 20. c3 bxc3 21. bxc3 Nb5 22. Qf3 Qd8 23. Qe4 $18) (12...
Be6 13. Nd5 Bxd5 14. exd5 Na5 15. b3 Rac8 16. c4 Nh7 17. Bd2 b6 18. Rc1 Nb7 19.
b4 a5 20. a3 axb4 21. axb4 Ra8 22. Qb3 Bg5 23. Nf3 $14) 13. Be3 (13. Ng4 Nxg4
14. hxg4 (14. Nd5 Nxf2 15. Nxc7 Nxd1 16. Nxa8 Nxb2 17. Bxb2 Ba5 18. Red1 Be6
19. Rxd6 Rxa8) 14... Be6 $11 {No real problems for black here.}) 13... Be6 14.
Nd5 {A crucial moment for the further course of the game.After this move the
pawn structure is set and each side can plan his game accordingly} (14. a3 Qd7
15. Qd3 Ne7 16. Rad1 Ba5 17. f4 Bxc3 18. Qxc3 Nxe4 19. Qb4 d5 20. fxe5 Nc6 21.
Qb6 Nxe5 22. c4 $44 {1/2-1/2 Zagrebelny,S-Sherbakov,R/Novgorod 1997/CBM 60/}) (
14. Qd2 {is another option, trying to first develop the pieces, and wait for
black's action.} Qd7 15. f3 Ba5 16. Ng4 Nxg4 17. hxg4 Rac8 18. Red1 Qd8 19. Qf2
(19. Qxd6 Qxd6 20. Rxd6 Bxc3 21. bxc3 Na5 $11 {[%cal Gb7b5,Ga5c4]}) 19... Nd4
20. Bd3 Bxc3 21. bxc3 Rxc3 22. Bxd4 exd4 23. Qxd4 Qc7 24. Rdb1 Qc5 $1 $15 {
1/2-1/2 Galkin,A-Galliamova,A/Azov 1996/CBM 56 ext (52)}) 14... Bxd5 15. exd5
Ne7 16. c4 b5 (16... Qc8 17. b4 a5 18. a3 Nf5 19. Bd2 axb4 20. Bxb4 Qb8 21. Rb1
Bb6 $6 {[%csl Rb6]} 22. Ng4 Nxg4 23. Qxg4 Nd4 24. Rxe5 dxe5 25. Bxf8 Kxf8 26.
Rxb6 $16 {1/2-1/2 Galkin,A-Sherbakov,R/Krasnodar 1997/EXT 2000 (39)}) 17. b3
bxc4 18. bxc4 {[%csl Gc4] White's 'c' pawn can be both: a weakness or an
important weapon in undermining black's position. Black's idea should be to
block it on c4 and then build his game around it, but white is very fast in
developing a game of his own on the K side.} Nf5 (18... Nd7 19. f4 $36 {
black's main problem is that his forces lack coordination which hands white
the initiative}) 19. Bd2 Qc5 20. Ng4 Nd4 21. Bd3 Nxg4 22. Qxg4 f5 (22... Bg5 $5
{Black sacks a pawn in order to swap one pair of bishops leaving white with a
bad bishop against the strong knight on d4} 23. Bxg5 hxg5 24. Qxg5 f5 $44) 23.
Qg6 Rf6 $6 (23... Bg5) 24. Qe8+ Kh7 $2 (24... Rf8 {[%cal Gd8g5]}) 25. Be3 {
Now white remains with a pair of bishops on the board, which gives him a
pleasant edge.} Qa7 26. Rad1 {[%cal Ge3d4]} Bb6 {Bd4 was threatenning} 27. Qh5
{[%csl Rf5]} Raf8 (27... e4 28. Bb1 {[%csl Re4,Rf5,Rh7][%cal Gf2f3,Gb1h7]}) 28.
Kh1 Kg8 29. f4 $1 {[%csl Rd4]} Qf7 30. Qxf7+ R6xf7 31. fxe5 dxe5 32. Bg1 Re8 $8
{Losing a pawn, but it's the least of evil} (32... Bc7 $4 33. c5 {and the
pawns become unstoppable}) (32... Re7 33. Bxf5 Rxf5 34. Bxd4 Bxd4 35. Rxd4 Rc7
36. d6 $18) (32... e4 33. Bxe4 fxe4 34. Bxd4 $18) 33. Bxf5 ({also deserves of
attention} 33. Bb1 {[%csl Rd4]} Kf8 34. Bh2 $16) 33... Rxf5 34. Bxd4 Bxd4 35.
Rxd4 {White has won a pawn but black finds a very interesting drawing chance.}
Rc8 36. Rde4 (36. Rd2 Rxc4 37. d6 Rc8 38. g4 Rg5 39. d7 Rd8 40. Rc1 Kf7 $11)
36... Rf2 37. Rxe5 $2 (37. Rd1 Rxa2 38. Rxe5 $18 (38. d6 Ra5)) 37... Rxc4 38.
Rd1 (38. R1e2 Rxe2 39. Rxe2 Rd4 40. Re5 Kf7 {with a relatively easy draw})
38... Rcc2 39. d6 Rfd2 $1 {the point} ({white was probably counting on:} 39...
Rxg2 40. d7 Rh2+ 41. Kg1 Rhg2+ 42. Kf1 Rcf2+ 43. Ke1 Rg1+ 44. Kxf2 Rxd1 45.
Re8+ $18) 40. Rd5 Rxg2 41. d7 {And now black has a perpetual} 1/2-1/2

[Event "RUS-chT 07th"]
[Site "Smolensk"]
[Date "2000.04.18"]
[Round "4"]
[White "Mikheev, Stanislav Valerievi"]
[Black "Shcherbakov, Ruslan"]
[Result "0-1"]
[WhiteElo "2335"]
[BlackElo "2552"]
[Annotator "Gershon,A"]
[PlyCount "74"]
[EventDate "2000.04.15"]
[EventType "team-tourn"]
[EventRounds "11"]
[EventCountry "RUS"]
[SourceTitle "CBM 077"]
[Source "ChessBase"]
[SourceDate "2000.07.27"]
[SourceVersion "1"]
[SourceVersionDate "2000.07.27"]
[SourceQuality "1"]
[WhiteTeam "Moscow M. Saulin PRSFI"]
[BlackTeam "Tomsk 400"]
[WhiteTeamCountry "RUS"]
[BlackTeamCountry "RUS"]

1. e4 c5 2. Nf3 Nc6 3. d4 cxd4 4. Nxd4 Nf6 5. Nc3 d6 6. Be2 e5 7. Nf3 h6 8. O-O
Be7 9. Re1 O-O 10. h3 a6 11. Bf1 Qc7 12. b3 (12. Nh2 Bd8 {Black's idea is to
play Ba5 exchanging white's  'c3' N thus reducing the pressure off the 'd5'
square.} (12... b5 13. Ng4 Bxg4 14. hxg4 b4 15. Nd5 Nxd5 16. exd5 Nd4 17. Bd3
Qc5 18. Be3 Bf6 19. Rc1 Qa5 20. c3 bxc3 21. bxc3 Nb5 22. Qf3 Qd8 23. Qe4 $18) (
12... Be6 13. Nd5 Bxd5 14. exd5 Na5 15. b3 Rac8 16. c4 Nh7 17. Bd2 b6 18. Rc1
Nb7 19. b4 a5 20. a3 axb4 21. axb4 Ra8 22. Qb3 Bg5 23. Nf3 $14) 13. Be3 (13.
Ng4 Nxg4 14. hxg4 (14. Nd5 Nxf2 15. Nxc7 Nxd1 16. Nxa8 Nxb2 17. Bxb2 Ba5 18.
Red1 Be6 19. Rxd6 Rxa8) 14... Be6 $11 {No real problems for black here.}) 13...
Be6 14. Nd5 (14. a3 Qd7 15. Qd3 Ne7 16. Rad1 Ba5 17. f4 Bxc3 18. Qxc3 Nxe4 19.
Qb4 d5 20. fxe5 Nc6 21. Qb6 Nxe5 22. c4 $44 {1/2-1/2 Zagrebelny,S-Sherbakov,R/
Novgorod 1997/CBM 60/}) (14. Qd2 {is another option, trying to first develop
the pieces, and wait for black's action.} Qd7 15. f3 Ba5 16. Ng4 Nxg4 17. hxg4
Rac8 18. Red1 Qd8 19. Qf2 (19. Qxd6 Qxd6 20. Rxd6 Bxc3 21. bxc3 Na5 $11 {
[%cal Gb7b5,Ga5c4]}) 19... Nd4 20. Bd3 Bxc3 21. bxc3 Rxc3 22. Bxd4 exd4 23.
Qxd4 Qc7 24. Rdb1 Qc5 $1 $15 {1/2-1/2 Galkin,A-Galliamova,A/Azov 1996/CBM 56
ext (52)}) 14... Bxd5 15. exd5 Ne7 16. c4 b5 (16... Qc8 17. b4 a5 18. a3 Nf5
19. Bd2 axb4 20. Bxb4 Qb8 21. Rb1 Bb6 $6 {[%csl Rb6]} 22. Ng4 Nxg4 23. Qxg4 Nd4
24. Rxe5 dxe5 25. Bxf8 Kxf8 26. Rxb6 $16 {1/2-1/2 Galkin,A-Sherbakov,R/
Krasnodar 1997/EXT 2000 (39)}) 17. b3 bxc4 18. bxc4 {[%csl Gc4]} Nf5 19. Bd2
Qc5 20. Ng4 Nd4 21. Bd3 Nxg4 22. Qxg4 Bg5 $5 (22... f5 {And now black has a
perpetual. 1/2-1/2 Rotman,D-Greenfeld,A/Ramat Aviv 2000/CBM 77_02/[Gershon] 
(41)}) 23. Bxg5 hxg5 24. Qxg5 f5 $44) (12. Nd5 Nxd5 13. exd5 Nb8 14. c4 a5 15.
b3 Na6 16. a3 Nc5 17. Be3 Bf5 18. Ra2 Bg6 19. Rb2 Bf6 20. b4 axb4 21. axb4 e4
22. Nd4 Nd3 23. Bxd3 exd3 24. Qb3 Rfc8 25. Rc1 Qd7 26. c5 Be4 27. f3 $2 (27.
Rd2 $142) 27... dxc5 $1 28. bxc5 Qxd5 29. Qxd5 (29. fxe4 Qxe4 $19) 29... Bxd5
$19 {1/2-1/2 Bar,R-Botvinnik,I/Rishon Le Ziyyon 1997/CBM 62 ext (62)}) 12... b6
(12... b5 13. Bb2 Bb7 14. Qd2 Rac8 15. Nd5 Nxd5 16. exd5 Nb8 17. Rac1 Nd7 18.
c4 bxc4 19. Bxc4 $6 {[%csl Rd5]} Qd8 20. Bc3 Nf6 21. Nh2 Nh5 22. Nf3 Qd7 23.
Bb4 Rfe8 24. Bf1 Rxc1 25. Qxc1 Nf4 $17 {0-1 Bojkovic,N-Kovalevskaya,E/Vrnjacka
Banja 1999/EXT 2000 (55)}) 13. Bb2 Bb7 14. Qd2 {In this structure, white has
two plans: first is to play Nd5 provoking an exchange on d5, after which white
will promote his Q side pawns and black will play in the center and on the K
side.the second is slowly improve the placing of the pieces and increase the
pressure on the center.} Rad8 15. Nd5 {White chooses the the first plan} (15.
Rad1 Nb8 16. a4 d5 17. Nxd5 Nxd5 18. Bxe5 $16) 15... Nxd5 16. exd5 Nb8 17. c4
a5 (17... f5 $5 18. b4 Bf6 19. Rac1 Qf7 {[%cal Gb6b5]} (19... e4 20. Bxf6 Rxf6
21. Nd4 $16) 20. a4 (20. Red1 Nd7 $11) 20... b5 $1 21. axb5 axb5 22. Be2 bxc4
23. Bxc4 {[%cal Gb2e5,Yd5d6]} Kh8 (23... Nd7 $2 24. Bxe5 $1 Bxe5 25. Nxe5 Nxe5
26. Rxe5 $16) 24. Ra1 Nd7 25. Ra7 Nb6 26. Ba6 Rd7 $15) 18. a3 Nd7 19. b4 Rfe8 (
19... f5 {Gaining some space in the center but also weakenning a whole complex
of squares.}) 20. Bd3 (20. Rac1 Bf8 21. Bd3 Nf6 22. Nh4 g6 23. f4 Bg7 $13)
20... Nf6 21. Qc2 $6 (21. Nh4 Nxd5 22. Nf5 Bg5 $17) (21. Rac1 $142 Bf8 22. Nh4
$14) 21... Rc8 22. Nd2 $2 (22. Rac1 axb4 23. axb4 b5 24. Bf5 (24. Qb3 bxc4 25.
Bxc4 Qb6 $15) 24... bxc4 25. Bxc8 Rxc8 $17) 22... Nxd5 $1 23. Bh7+ Kh8 24. Bf5
Nf4 25. Bxc8 Qxc8 {White has an exchange for a pawn but enough one sight at
the position and it becomes clear that black stands much better.} 26. f3 {
[%csl Gf2,Gg3,Gh2]} Bh4 $17 27. Re3 Re6 {[%csl Rg2][%cal Ge6g6]} 28. Qf5 (28.
Kh2 Rg6 29. g4 Bf2 30. Rb3 a4 $19 {[%cal Gc8d8,Gd8h4] Look at the position:
all white pieces are on the Q side while the monarch is left alone to die.})
28... Nxg2 $1 29. Re4 Ne3 30. Qxf7 Rf6 31. Qh5 Qxh3 32. Qe8+ (32. Rxe3 Bf2+ $19
) 32... Kh7 33. Rxe3 Qg3+ {Going for a nicer way} (33... Rg6+ 34. Qxg6+ Kxg6
$19) 34. Kh1 Rxf3 $1 35. Nxf3 Bxf3+ 36. Rxf3 Qxf3+ 37. Kh2 (37. Kg1 Bf2+ 38.
Kf1 Bg3+ 39. Kg1 Qf2+ 40. Kh1 Qh2#) 37... Bg3+ (37... Bg3+ 38. Kh3 Bf4+ 39. Kh4
Qg3+ 40. Kh5 Qg5#) 0-1

[Event "Bern op"]
[Site "Bern"]
[Date "1994.??.??"]
[Round "4"]
[White "Glek, Igor Vladimirovich"]
[Black "Lobron, Eric"]
[Result "1/2-1/2"]
[WhiteElo "2590"]
[BlackElo "2570"]
[Annotator "Glek,I"]
[PlyCount "145"]
[EventDate "1994.02.??"]
[EventType "swiss"]
[EventRounds "9"]
[EventCountry "SUI"]
[SourceTitle "CBM 042"]
[Source "ChessBase"]
[SourceDate "1994.10.01"]
[SourceVersion "1"]
[SourceVersionDate "1994.10.01"]
[SourceQuality "1"]

1. e4 c5 2. Nf3 d6 3. d4 cxd4 4. Nxd4 Nf6 5. Nc3 Nc6 6. Be2 e5 7. Nf3 h6 8. O-O
Be7 9. Re1 O-O 10. h3 Be6 11. Bf1 Qa5 12. Bd2 Qd8 13. Bc1 Qa5 14. Bd2 Qd8 15.
Na4 $1 Na5 $5 $10 (15... d5 16. exd5 Qxd5 17. c4 $14 {Xie,J-Ioseliani,N/Monaco
(m/6)/1993/}) 16. b3 Bd7 17. Nc3 (17. Nb2 $5) 17... a6 (17... Rc8 $6 18. Nb5
$16) 18. b4 $1 Nc6 19. Nd5 Nxd5 20. exd5 Nd4 21. c4 $6 (21. Nxd4 exd4 22. Bd3
Bb5 $2 (22... Bf6 23. a4 $16) 23. Bxb5 axb5 24. Qe2 $16) 21... Nxf3+ 22. Qxf3
b5 $1 23. a4 bxc4 24. Bxc4 Bg5 (24... f5 $5) 25. Be3 $1 f5 26. b5 Bxe3 27. Qxe3
f4 28. Qf3 $1 axb5 29. axb5 Qb6 30. Bf1 Rab8 (30... Rxa1 31. Rxa1 Qd4 32. Qd1
$10) 31. Qb3 Rfc8 32. Rec1 Rxc1 33. Rxc1 e4 $5 34. Re1 (34. Qa4 $5 Re8 (34...
e3 $1 35. Qxf4 exf2+ 36. Qxf2 Qxf2+ 37. Kxf2 Bxb5 $10) 35. Qa6 $1 Rb8 36. Qxb6
Rxb6 37. Rc4 $16) 34... e3 35. fxe3 Re8 36. Kh2 fxe3 37. Qd3 Re5 38. Rc1 $6 (
38. Be2 $10) 38... Bf5 39. Qd1 Kh7 40. Rc6 Qa5 41. b6 Qb4 $6 (41... Qd2 42. Qe2
Qxd5 43. b7 Re8 44. Qb5 $1 $10) 42. Qf3 $14 Bg6 43. Ba6 Re8 44. b7 e2 45. Bxe2
Qxb7 46. Rxd6 Qc7 47. Qg3 Rxe2 48. Qxg6+ Kg8 49. Qg3 Re1 (49... Rd2 50. Qf4 Rf2
51. Qe5 Re2 $10) 50. Rg6 Qxg3+ 51. Kxg3 Rd1 52. Rd6 Kf7 53. Kf4 Rf1+ 54. Ke5
Re1+ 55. Kd4 Rg1 $10 56. g4 Rg3 57. Re6 Rxh3 58. Re4 Rh1 59. d6 Kf6 60. Kd5
Rd1+ 61. Kc6 Rc1+ 62. Kb7 Rb1+ 63. Kc7 Rc1+ 64. Kd8 Rd1 65. d7 g6 66. Rc4 Kg5
67. Kc7 h5 68. Rc6 Rxd7+ 69. Kxd7 h4 70. Ke6 h3 71. Kf7 Kxg4 72. Rxg6+ Kf3 73.
Rh6 1/2-1/2

[Event "Linares Anibal op 03rd"]
[Site "Linares"]
[Date "1996.??.??"]
[Round "?"]
[White "Glek, Igor Vladimirovich"]
[Black "Stefansson, Hannes"]
[Result "1-0"]
[WhiteElo "2635"]
[BlackElo "2540"]
[Annotator "Glek,I"]
[PlyCount "55"]
[EventDate "1996.01.??"]
[EventType "swiss"]
[EventRounds "10"]
[EventCountry "ESP"]
[SourceTitle "CBM 051 Extra"]
[Source "ChessBase"]
[SourceDate "1996.05.01"]
[SourceVersion "1"]
[SourceVersionDate "1996.05.01"]
[SourceQuality "1"]

1. e4 c5 2. Nf3 d6 3. d4 cxd4 4. Nxd4 Nf6 5. Nc3 Nc6 6. Be2 e5 7. Nf3 h6 8. O-O
Be7 9. Re1 O-O 10. h3 a6 11. Bf1 Qc7 12. Nh2 $1 $146 {Der Springer strebt nach
g4. Dort kann er sich entweder gegen den Nf6 oder den Bc8 tauschen. In beiden
Fällen tut Weiß etwas für den Kampf um das Feld d5.} (12. Be3 {normal}) 12...
b5 (12... Be6 13. Nd5 $1 $16) 13. Ng4 Bxg4 (13... Nxg4 14. Nd5 Qd8 15. hxg4 $16
) 14. hxg4 b4 15. Nd5 Nxd5 16. exd5 {Der Pg4 hemmt den schwarzen
Bauernvorstoss f7-f5.} Nd4 (16... Nb8 17. a3 $16) 17. Bd3 $16 Qc5 (17... Rfc8
18. Bd2 $16) 18. Be3 Bf6 (18... Qxd5 19. c3 bxc3 20. bxc3 Ne6 $2 21. Bh7+ $18)
19. Rc1 Qa5 20. c3 bxc3 21. bxc3 Nb5 22. Qf3 $1 {/\ 23.Qf5, 23.Bh6} Qd8 23. Qe4
Re8 24. c4 $1 Nc7 25. Qh7+ Kf8 26. c5 $1 $18 Nxd5 27. cxd6 g5 28. Bc4 (28. Bc4
Qxd6 29. Bxd5 Qxd5 30. Bc5+ Re7 31. Qxh6+ $18) 1-0

[Event "FIDE World Cup-A (Women)"]
[Site "Shenyang"]
[Date "2000.09.01"]
[Round "1"]
[White "Xu, Yuhua"]
[Black "Kovalevskaya, Ekaterina"]
[Result "1-0"]
[WhiteElo "2505"]
[BlackElo "2475"]
[Annotator "Gofshtein,L"]
[PlyCount "85"]
[EventDate "2000.09.01"]
[EventType "tourn"]
[EventRounds "5"]
[EventCountry "CHN"]
[EventCategory "6"]
[SourceTitle "CBM 079"]
[Source "ChessBase"]
[SourceDate "2000.11.21"]
[SourceVersion "1"]
[SourceVersionDate "2000.11.21"]
[SourceQuality "1"]

1. e4 c5 2. Nf3 d6 3. d4 cxd4 4. Nxd4 Nf6 5. Nc3 Nc6 6. Be2 e5 7. Nf3 h6 8. O-O
Be7 9. Re1 O-O 10. h3 Be6 11. Bf1 Qd7 ({Theoretical mainlines are:} 11... Rc8)
(11... Qa5) ({and} 11... Nb8) (11... a6) 12. Nd5 Bd8 {[%cal Gd8a5] Strong
manouevre! B goes to active position on b6 or a5.} (12... Bxd5 13. exd5 Nb4 14.
c4 a5 15. Qd2 (15. b3 Rfc8 16. Bb2 Na6 17. Nd2 Bd8 18. a3 $14 {0-1 Tagnon,
N-Van Delft,M/Dieren 1998/EXT 99 (56)}) 15... b6 16. b3 Na6 17. Bb2 Nc5 18.
Rad1 Nfe4 19. Qc2 f5 20. a3 $14 {1-0 Galkin,A-Van Delft,M/Groningen 1997/CBM
62 ext (47)}) 13. c4 Bxd5 14. cxd5 (14. exd5 Ne7 15. b3 Bb6 16. Be3 {1/2-1/2
Eismont,O-Pres,G/Novosibirsk 1998/EXT 2000 (16)}) 14... Ne7 15. Qb3 Ba5 {
Black has solved the problem of his dark square B.} (15... Bb6 $144 $5 {
[%cal Ga8c8]} 16. Bd2 Rac8 17. Bb5 (17. Bd3 Rc7 $132 {[%cal Gf8c8]}) 17... Qd8
18. Bd3 (18. Rac1 Rxc1 {[%csl Re4]} 19. Bxc1 Nd7 $132 {[%csl Yc5][%cal Gd7c5]})
18... Nd7 $11 {[%csl Yc5][%cal Gd7c5]}) 16. Bd2 Bxd2 17. Nxd2 Nh5 $6 {This is
beginning of the wrong plan.} ({Right plan was} 17... Rac8 18. Rac1 Rxc1 19.
Rxc1 Rc8 20. Rxc8+ Nxc8 {after 4R exchange position is equal.} 21. Bb5 Qc7 $11)
18. Rac1 f5 $2 $16 {Black simply ignores white threats.} 19. Qb5 $1 {That was
the idea..} Qd8 {This is the best what black can do.} ({White has clear
advantage after:} 19... Qxb5 20. Bxb5 fxe4 (20... Rac8 21. Bd7 Rxc1 22. Be6+
Kh7 23. Rxc1 {[%cal Gc1c7]} fxe4 24. Rc7 $18 {[%csl Rb7,Re4]}) 21. Nxe4 {
[%csl Rd6]} Rad8 22. Rc7 $16 {[%csl Rb7,Re7]}) 20. Qxb7 Rb8 21. Qxa7 Rxb2 22.
Nc4 Rb8 (22... Rb4 23. Qa6 {[%csl Rd6]} Rf6 24. exf5 $16) 23. Qa3 $1 {[%csl
Rd6]} Rf6 ({Or} 23... Nc8 24. exf5 Rxf5 25. Ne3 $16) 24. Rb1 ({Quite good also
} 24. exf5 Nf4 25. Ne3 (25. g3 Nfxd5 26. Bd3 Nb4 27. Ne3 d5 28. Ng4 Rfb6 $14 {
and Black gets certain counterplay}) 25... Nxf5 26. Nxf5 Rxf5 27. Rc6 Rf6 28.
g3 $18) 24... fxe4 $6 $18 {This move is not tactical blunder because} ({after} 
24... Rxb1 25. Rxb1 fxe4 26. Nd2 $16 {[%csl Rd6,Re4][%cal Gd2e4] White keeps
an advantage.  Nevertheless, this variation is better for Black, than lost
position in the game after 26 Nxe5.}) 25. Rxb8 Qxb8 26. Nxe5 $1 dxe5 (26... Qd8
27. Ng4 $18) 27. Qxe7 Nf4 (27... Rf7 28. Qc5 $18) 28. Rxe4 Qb6 29. Re3 Qb2 30.
Qc5 Ng6 (30... Qxf2+ 31. Kxf2 Nd3+ 32. Kg1 Nxc5 33. Rxe5 $18) 31. Re2 Qb8 32.
Rd2 Rd6 33. a4 Qf8 34. a5 Nh4 35. Qe3 Qe7 36. a6 Nf5 37. Qe4 g6 38. Rb2 Rd7 39.
Rb6 Kh7 40. Re6 Qc5 41. Rxe5 Rf7 42. Re6 Ne7 43. Qe3 1-0